| 000 | 01209cab a2200217 4500 | ||
|---|---|---|---|
| 001 | ABS67473 | ||
| 008 | 040126n2003 000 0 eng u | ||
| 035 | _a(Sirsi) u124907 | ||
| 100 | _aLerpiniere, D. | ||
| 245 | _aAgricultural waste management - changes on the horizon | ||
| 260 | _c2003 | ||
| 490 |
_aWastes Management _vDecember 2003, 36-38(3) |
||
| 520 | _aDiscusses the specific problems faced by farmers in disposing of waste from farms. Covers the waste policy as it stands at present and examines how this could change under new DEFRA waste regulations. Provides figures for the amount of waste generated by agriculture and statistical evidence of current practice. Examines the problem in Britain with reference to European solutions. Also discusses "Agricultural Waste - opportunities from change" which was published by the Agricultural Waste Stakeholder Forum in November 2003. | ||
| 590 | _aABS | ||
| 650 | _aFARMING | ||
| 650 | _aAGRICULTURE | ||
| 650 | _aWASTE MANAGEMENT STRATEGIES | ||
| 690 | _aENVIRONMENTAL AND LAND CONSULTANCY-WASTE MANAGEMENT | ||
| 856 |
_uhttps://www.defra.gov.uk/environment/waste/agforum _zView Agricultural Waste Stakeholder Forum website. |
||
| 942 | _n0 | ||
| 999 |
_c74074 _d74074 |
||